Východná dimenzia európskej susedskej politiky

Európska únia sa usiluje budovať, resp. upevňovať vzťahy s mnohými krajinami, integračnými zoskupeniami, a týmto vytvárať synergický efekt vzájomnej spolupráce. Politika Európskej únie voči jej susedným krajinám sa začala formovať od začiatku nového milénia, a to jej južná a východná dimenzia rozdie...

Ausführliche Beschreibung

Gespeichert in:
Bibliographische Detailangaben
1. Verfasser: Šeptáková, Nikola
Format: Buchkapitel
Sprache:Slowakisch
Schlagworte:
Tags: Tag hinzufügen
Keine Tags, Fügen Sie das erste Tag hinzu!

MARC

LEADER 00000nla$a2200000$$$4500
001 0145727
005 20240502072629.9
041 0 |a slo 
044 |a SK 
245 1 0 |a Východná dimenzia európskej susedskej politiky  |c Nikola Šeptáková 
520 |a Európska únia sa usiluje budovať, resp. upevňovať vzťahy s mnohými krajinami, integračnými zoskupeniami, a týmto vytvárať synergický efekt vzájomnej spolupráce. Politika Európskej únie voči jej susedným krajinám sa začala formovať od začiatku nového milénia, a to jej južná a východná dimenzia rozdielne – s východnými susedmi na báze bilaterálnych relácií. Postupne predovšetkým Európska únia predstavila nové projekty na regionálnej, multilaterálnej úrovni. Najnovším z nich je Východné partnerstvo, ktoré okrem iného sľubuje uzavretie komplexných dohôd o slobodnom obchode so šiestimi postsovietskymi krajinami. 
610 2 0 |a Európska únia 
610 2 0 |a zoskupenia integračné medzinárodné 
610 2 0 |a Arménsko 
610 2 0 |a Azerbajdžan 
610 2 0 |a Bielorusko 
610 2 0 |a Gruzínsko 
610 2 0 |a Moldavsko 
610 2 0 |a Ukrajina 
610 2 0 |a spolupráca hospodárska medzinárodná 
610 2 0 |a vzťahy bilaterálne 
610 2 0 |a multilateralita 
100 1 |a Šeptáková, Nikola